Grootste plaatsen in Friesland/Fryslân - Statistieken

Algemene statistieken
  • Deze quiz is 233 keer genomen
  • De gemiddelde score is 8 van 10
Antwoordstatistieken
Population Antwoord % Correct
108.744 Leeuwarden (Ljouwert)
100%
29.750 Heerenveen (It Hearrenfean)
96%
33.000 Sneek (Snits)
95%
44.940 Drachten (Drachten)
91%
14.550 Harlingen (Harns)
86%
12.516 Dokkum (Dokkum)
82%
12.997 Franeker (Frjentsjer)
75%
13.045 Joure (De Jouwer)
59%
12.825 Wolvega (Wolvegea)
57%
10.554 Lemmer (De Lemmer)
47%
Geen overeenkomende quizzen gevonden
Scoreverdeling
Procent van Mensen met Elke Score
Percentiel versus Aantal Correcte Antwoorden
Uw Scoregeschiedenis
U heeft deze quiz nog niet genomen